|
|
|
|
| LEADER |
00000ny a22000003n 4500 |
| 005 |
2011052405195.0 |
| 008 |
080619s2004 sp s 000 0 spa c |
| 020 |
|
|
|a 8480046619
|
| 035 |
|
|
|a 1296
|
| 040 |
|
|
|a UMA.RE
|d vLex
|
| 080 |
|
|
|a 347.948(460)(0.034)
|
| 080 |
|
|
|a 347.998.85(460)(0.034)
|
| 090 |
|
|
|c 222
|d 222
|
| 100 |
1 |
|
|a Luaces Gutiřre, Ana Isabel
|
| 245 |
1 |
3 |
|a La prueba pericial en el proceso administrativo
|h [Recurso electrn̤ico]
|c Ana Isabel Luaces Gutiřrez
|
| 256 |
|
|
|a Servicio en ln̕ea
|
| 260 |
|
|
|a [Madrid] :
|b Editorial Universitaria Ramn̤ Areces,
|c 2004
|
| 506 |
1 |
|
|a Contenido solo disponible en los productos indicados
|d vLex Global
|d vLex Global (Academic Edition, excluding Law Schools)
|d vLex Global (U.S. Academic Edition, Law Schools)
|d vLex Global (U.S. Academic Edition, excluding Law Schools)
|d vLex Global (Academic Edition, Law Schools)
|
| 650 |
0 |
7 |
|a Prueba
|2 Tesauro vLex
|
| 650 |
0 |
7 |
|a Procesal
|2 Tesauro vLex
|
| 650 |
0 |
7 |
|a Administrativo
|2 Tesauro vLex
|
| 650 |
0 |
7 |
|a Procedimiento administrativo
|2 Tesauro vLex
|
| 650 |
0 |
7 |
|a Prueba en el procedimiento administrativo
|2 Tesauro vLex
|
| 650 |
0 |
7 |
|a Prueba pericial
|2 Tesauro vLex
|
| 740 |
0 |
|
|a vLex Libros (Servicios en ln̕ea)
|
| 856 |
4 |
0 |
|u http://vlex.com/source/1296
|z Acceso restringido
|
| 942 |
|
|
|c BOOK
|
| 999 |
0 |
|
|a Procedure Law
|b Spain
|